Enzyme catalysis and mechanism: (Record no. 759404)

MARC details
000 -LEADER
fixed length control field 00393nam a2200145 4500
020 ## - INTERNATIONAL STANDARD BOOK NUMBER
ISBN 9798893640168
082 ## - DEWEY DECIMAL CLASSIFICATION NUMBER
Classification number 572.7
Item number KEL.E
084 ## - OTHER CLASSIFICATION NUMBER
Source of Number Colon Classification
100 ## - MAIN ENTRY--AUTHOR NAME
Personal name Kelly, Joshua
245 ## - TITLE STATEMENT
Title Enzyme catalysis and mechanism:
Sub Title A computational approach
260 ## - PUBLICATION, DISTRIBUTION, ETC. (IMPRINT)
Place of publication New York:
Name of publisher Callisto Reference;
Year of publication 2025.
300 ## - PHYSICAL DESCRIPTION
Number of Pages 214p.
942 ## - ADDED ENTRY ELEMENTS (KOHA)
Source of classification or shelving scheme Dewey Decimal Classification
Koha item type Book
Holdings
Withdrawn status Lost status Source of classification or shelving scheme Damaged status Not for loan Collection code Home Library Current Location Shelving location Date acquired Full call number Accession Number Price effective from Koha item type
    Dewey Decimal Classification     Non-fiction Campus Library Kariavattom Campus Library Kariavattom General Stacks 08/05/2026 572.7 KEL.E UCL35748 08/05/2026 Book